| 000 | 00462nam a2200181Ia 4500 | ||
|---|---|---|---|
| 001 | 24342 | ||
| 005 | 20260414151036.0 | ||
| 008 | 260414t2019||||xx |||||||||||||| ||spa|| | ||
| 041 | _aESP | ||
| 082 |
_a345.32 _bV32 |
||
| 100 |
_aVargas Meléndez, Rikell _eAUT |
||
| 245 | 0 |
_aLa prueba penal : _bestándares, razonabilidad y valoración |
|
| 260 | _c2019 | ||
| 300 |
_a766 páginas : _c25 cm. |
||
| 650 | _aDER | ||
| 654 | _aCDE | ||
| 942 |
_cLIB _dJUS _fJUS _2ddc _n |
||
| 999 |
_c24342 _d24342 |
||